'The Day Before You Came' ABBA Lyrics - Statistics

General Stats
  • This quiz has been taken 73 times
  • The average score is 229 of 345
Answer Stats
Answer % Correct
a
100%
A
100%
be
100%
the
100%
The
100%
before
98%
came.
98%
day
98%
day.
98%
I
98%
you
98%
have
91%
Must
89%
must
89%
to
89%
do.
87%
go.
87%
my
87%
My
87%
And
84%
and
84%
it
84%
paper
84%
in
82%
was
82%
morning
80%
read
80%
read,
80%
train,
80%
train
80%
so.
76%
so
76%
after
73%
at
73%
At
73%
going
73%
I'm
73%
into
73%
town.
73%
nine.
71%
no
71%
left
69%
left,
69%
of
69%
when
69%
by
67%
house
67%
just
67%
on
67%
past
67%
station
67%
always
64%
eight,
64%
eight
64%
gone
64%
lunch
64%
then.
64%
half
62%
around
60%
because
60%
not,
60%
or
60%
bed
58%
even
58%
me
58%
through
58%
usual
58%
With
58%
twelve
56%
certain,
53%
for
53%
place,
53%
rain.
53%
sure
53%
time
53%
two.
53%
due.
51%
evening
51%
letters
51%
rained.
51%
see.
51%
signed
51%
ten.
51%
that
51%
there's
51%
There's
51%
frowned.
49%
it's
49%
It's
49%
papers
49%
bunch.
47%
Dallas
47%
desk
47%
doubt
47%
editorial,
47%
made
47%
some
47%
waiting
47%
business
44%
had
44%
like
44%
pretty
44%
something
44%
still
44%
Chinese
42%
cigarette
42%
didn't
42%
food
42%
having
42%
never
42%
episode
40%
five
40%
I've
40%
knowing
40%
life
40%
part
40%
sleep,
40%
this
40%
TV.
40%
Without
40%
without
40%
away.
38%
ever
38%
frame.
38%
gotten
38%
heaps
38%
home
38%
lit
38%
lot
38%
top
38%
yes,
38%
need
36%
noticed
36%
Oh
36%
one
36%
school.
36%
since
36%
style.
36%
well
36%
again.
33%
back
33%
blue.
33%
done
33%
hid
33%
night.
33%
o'clock
33%
really
33%
rule.
33%
seventh
33%
within
33%
aim.
31%
French
31%
routine,
31%
single
31%
watching
31%
way
31%
but
29%
dinner
29%
door
29%
dragging
29%
finished
29%
latest
29%
living
29%
matter
29%
quater
29%
think,
29%
while,
29%
kept
27%
opened
27%
another
24%
anything,
24%
front
24%
funny,
24%
light.
24%
sense
24%
stopped
24%
turning
24%
along
22%
out
22%
up
22%
buy
20%
heard
20%
Undoubtedly
20%
roof
18%
sound
18%
yet
18%
yawned
16%
cuddled
13%
exeption
13%
Marylin
13%
rattling
13%
No matching quizzes found
Score Distribution
Percent of People with Each Score
Percentile by Number Answered
Your Score History
You have not taken this quiz